header

A companion to Augustine (Record no. 28517)

MARC details
000 -LEADER
fixed length control field 01469nam a2200361Ia 4500
082 04 - DEWEY DECIMAL CLASSIFICATION NUMBER
Classification number 270.2092
245 02 - TITLE STATEMENT
Title A companion to Augustine
260 ## - PUBLICATION, DISTRIBUTION, ETC. (IMPRINT)
Place of publication Chichester, West Sussex ;
-- Malden, MA :
Name of publisher Wiley-Blackwell,
Year of publication 2012.
300 ## - PHYSICAL DESCRIPTION
Number of Pages xlii, 595 p.
490 1# - SERIES STATEMENT
Series statement Blackwell companions to the ancient world
650 #0 - SUBJECT ADDED ENTRY--TOPICAL TERM
Topical Term Church history
700 1# - ADDED ENTRY--PERSONAL NAME
Personal name Vessey, Mark.
Personal name Reid, Shelley.
856 40 - ELECTRONIC LOCATION AND ACCESS
Uniform Resource Identifier http://site.ebrary.com/lib/rucke/Doc?id=10687763

No items available.

© 2026 Rongo University
Contact us: librarian | system librarian | Rongo university